[Event "Najdorf Memorial"]
[Site "Warsaw POL"]
[Date "2024.07.13"]
[Round "5.38"]
[White "Majocha, Piotr"]
[Black "Borowy, Cezary"]
[Result "1/2-1/2"]
[WhiteElo "2066"]
[BlackElo "1993"]

1. d4 d6 2. c4 e5 3. e3 Nd7 4. Nc3 g6 5. g3 Bg7 6. Bg2 Ne7 7. Nf3 O-O 8.
O-O h6 9. b3 f5 10. Qc2 e4 11. Nd2 c5 12. dxc5 Nc6 13. a3 Nxc5 14. Rb1 Ne5
15. f3 Be6 16. fxe4 Ng4 17. Nf3 fxe4 18. Nd4 Rxf1+ 19. Bxf1 Bf5 20. Nxf5
gxf5 21. Nd5 Ne5 22. Bb2 Qg5 23. Bxe5 Bxe5 24. Qf2 Kh8 25. b4 Nd7 26. Kh1
Nf6 1/2-1/2

[Event "Najdorf Memorial"]
[Site "Warsaw POL"]
[Date "2024.07.13"]
[Round "5.39"]
[White "Zaninotto, Franco"]
[Black "Maack, Kjartan"]
[Result "1-0"]
[WhiteElo "1961"]
[BlackElo "2066"]

1. e4 e6 2. d4 d5 3. Nd2 Be7 4. Ngf3 Nf6 5. Bd3 c5 6. e5 Nfd7 7. c3 b6 8.
O-O Ba6 9. Ne1 cxd4 10. cxd4 Bxd3 11. Nxd3 Nc6 12. Qg4 g5 13. Qh5 Nxd4 14.
f4 Qc7 15. fxg5 O-O-O 16. Nb3 Qc4 17. Qd1 Nxb3 18. axb3 Qd4+ 19. Kh1 a5 20.
Rf4 1-0

[Event "Najdorf Memorial"]
[Site "Warsaw POL"]
[Date "2024.07.13"]
[Round "5.40"]
[White "Krol, Jan"]
[Black "Rzeszowski, Dominik"]
[Result "1-0"]
[WhiteElo "2064"]
[BlackElo "1961"]

1. e4 c6 2. d4 d5 3. Nc3 dxe4 4. Nxe4 Nf6 5. Nxf6+ exf6 6. c3 Bd6 7. Bd3
O-O 8. Qc2 Re8+ 9. Ne2 h5 10. O-O h4 11. h3 Nd7 12. Bf4 Qc7 13. Bxd6 Qxd6
14. Rad1 Nf8 15. c4 Bd7 16. Be4 f5 17. Bd3 f4 18. f3 Re3 19. Nc3 Ne6 20.
Qf2 Qe7 21. d5 Ng5 22. Kh1 Nh7 23. d6 Qd8 24. Bxh7+ Kxh7 25. Rfe1 Rxe1+ 26.
Qxe1 g5 27. Qe5 b6 28. b4 Kg6 29. Ne4 f5 30. Nf2 Qe8 31. Nd3 Qe6 32. Qd4
Re8 33. Re1 Qf6 34. Ne5+ Kg7 35. c5 b5 36. Qa1 Rd8 37. Nxd7 Qxa1 38. Rxa1
Rxd7 39. a4 bxa4 40. Rxa4 Kf6 41. Ra6 Rb7 42. Rxc6 Rxb4 43. Rc7 Rb1+ 44.
Kh2 Rc1 45. d7 Ke7 46. c6 a5 47. Rc8 Rd1 48. Re8+ 1-0

[Event "Najdorf Memorial"]
[Site "Warsaw POL"]
[Date "2024.07.13"]
[Round "5.41"]
[White "Charvi, A"]
[Black "Przybylski, Bartosz"]
[Result "0-1"]
[WhiteElo "1960"]
[BlackElo "2060"]

1. e4 c5 2. Nf3 d6 3. d4 cxd4 4. Nxd4 Nf6 5. Nc3 Nc6 6. f3 e5 7. Nb3 Be6 8.
Nd5 Be7 9. Be3 O-O 10. Qd2 a5 11. Bb5 a4 12. Nc1 Bxd5 13. exd5 Nd4 14. Bxd4
exd4 15. O-O Ra5 16. Bc4 Nxd5 17. Bxd5 Rxd5 18. Nd3 Bf6 19. Rae1 Qc7 20. f4
a3 21. b3 h6 22. Rf3 Rc8 23. Re2 Rb5 24. Qe1 Qd7 25. h3 Rb6 26. Nf2 Rbc6
27. Qd1 Qf5 28. Ne4 Bd8 29. Qd3 Bb6 30. g4 Qa5 31. g5 Rxc2 32. Nxd6 Rxe2
33. Nxc8 Bc5 34. gxh6 Qe1+ 35. Rf1 Qd2 36. Qxd2 d3+ 37. Kh1 Rxd2 38. b4 Re2
39. bxc5 d2 40. Kg1 Re1 41. Ne7+ Kh7 42. hxg7 Rxf1+ 43. Kxf1 d1=Q+ 44. Kg2
Qe2+ 45. Kg3 Qxe7 46. Kg4 Kxg7 47. h4 Qe3 48. Kf5 Qe6+ 49. Kg5 Qg6# 0-1

[Event "Najdorf Memorial"]
[Site "Warsaw POL"]
[Date "2024.07.13"]
[Round "5.42"]
[White "Ashwath, Kaushik"]
[Black "Hury, Tymoteusz"]
[Result "1-0"]
[WhiteElo "2029"]
[BlackElo "1954"]

1. e4 e5 2. Nf3 Nc6 3. Bc4 Nf6 4. d3 Be7 5. O-O O-O 6. c3 d6 7. a4 Na5 8.
Ba2 c5 9. b4 cxb4 10. cxb4 Nc6 11. b5 Nb4 12. Bc4 a5 13. Qb3 Bg4 14. Nbd2
Nd7 15. Qb1 Kh8 16. h3 Bh5 17. Ba3 Bg6 18. Nb3 b6 19. Nc1 f5 20. Bxb4 fxe4
21. dxe4 axb4 22. Bd5 Ra7 23. Nd3 Nf6 24. Nxb4 Rc7 25. Ng5 Qc8 26. Bc6 h6
27. Nf3 Rd8 28. Nd5 Nxd5 29. Bxd5 Rc5 30. Rc1 Qb8 31. Qb3 Rdc8 32. Qe3 Qa7
33. Rxc5 Rxc5 34. Qa3 Bd8 35. Kh2 Kh7 36. Qb3 Qc7 37. Ra3 Rc1 38. Bg8+ Kh8
39. Be6 Bxe4 40. Qe3 Bxf3 41. Qxf3 Bf6 42. Qh5 Qd8 43. Qg6 Rc7 44. Bf5 Kg8
45. Rd3 Kf8 46. Be4 Rd7 47. Bc6 Rf7 48. Qh7 Ke7 49. Bd5 e4 50. Qxe4+ Be5+
51. Kg1 Qc7 52. Qg4 Rf8 53. Qe6+ Kd8 54. Bc6 Qe7 55. Qa2 Qg5 56. g3 Qc1+
57. Kg2 Qc5 58. Rf3 Rxf3 59. Qg8+ Ke7 60. Qe8+ Kf6 61. Bxf3 Qc7 62. Bh5 Bc3
63. f4 d5 64. Qf8+ Ke6 65. Bg4# 1-0

[Event "Najdorf Memorial"]
[Site "Warsaw POL"]
[Date "2024.07.13"]
[Round "5.43"]
[White "Kulpa, Zuzanna"]
[Black "Bergan, Gaute"]
[Result "1/2-1/2"]
[WhiteElo "1954"]
[BlackElo "2027"]

1. e4 e5 2. Nf3 Nc6 3. Nc3 Nf6 4. d4 exd4 5. Nd5 Be7 6. Bf4 d6 7. Nxd4 O-O
8. Be2 Nxe4 9. Nb5 Bf5 10. Nbxc7 Rc8 11. Nxe7+ Nxe7 12. Nb5 Qa5+ 13. c3 Bg6
14. O-O a6 15. Nxd6 Nxd6 16. Qxd6 Nd5 17. b4 Qd8 18. c4 Nc3 19. Bf3 Rxc4
20. Rac1 Qxd6 21. Bxd6 Rfc8 22. Kh1 Ne4 23. Rxc4 Rxc4 24. Bxe4 Bxe4 25. f3
Bc6 26. Kg1 Rc2 27. Rf2 Rc1+ 28. Rf1 Rc2 29. Rf2 Rc1+ 30. Rf1 Rc2 31. Rf2
1/2-1/2

[Event "Najdorf Memorial"]
[Site "Warsaw POL"]
[Date "2024.07.13"]
[Round "5.44"]
[White "Chachere, Theodore"]
[Black "Celinski, Kamil"]
[Result "1-0"]
[WhiteElo "1947"]
[BlackElo "2022"]

1. d4 Nf6 2. c4 e6 3. Nc3 Bb4 4. Qc2 d5 5. a3 Bxc3+ 6. Qxc3 O-O 7. Nf3 b6
8. Bg5 dxc4 9. Qxc4 Ba6 10. Qc2 Nbd7 11. Rd1 h6 12. Bh4 Rc8 13. Ne5 c5 14.
Qa4 Bb7 15. Qxa7 cxd4 16. Bxf6 gxf6 17. Nxd7 Qxd7 18. Qxb6 Rc2 19. h4 Rfc8
20. Rh3 Be4 21. f3 Bf5 22. g4 Bh7 23. Rxd4 Qe7 24. Kf2 e5 25. Rb4 R8c5 26.
Qb7 Qe6 27. Rb6 Qc4 28. Rxf6 Qd4+ 29. Kg2 Rc7 30. Qb6 Qxb2 31. Qxb2 Rxb2
32. f4 e4 33. Rxh6 Kg7 34. Rd6 Rc4 35. Re3 Ra4 36. h5 Bg8 37. g5 Rb8 38.
h6+ Kh7 39. Rf6 Re8 40. Kf2 Kh8 41. Bh3 Bh7 42. Bd7 Rea8 43. Bxa4 Rxa4 44.
Rxf7 Bg6 45. Rc7 Ra8 46. Rec3 Bf5 47. Rb3 e3+ 48. Kxe3 Re8+ 49. Kf2 Bg4 50.
e3 Rd8 51. g6 Bf5 52. Rb6 Bxg6 53. a4 Be4 54. a5 Rd2+ 55. Kg3 Rg2+ 56. Kh4
Rg8 57. a6 Ra8 58. a7 Bb7 59. Rbxb7 Rxa7 60. Rb8# 1-0

[Event "Najdorf Memorial"]
[Site "Warsaw POL"]
[Date "2024.07.13"]
[Round "5.45"]
[White "Maslanka, Wojciech"]
[Black "Jurasz, Antoni"]
[Result "1-0"]
[WhiteElo "2166"]
[BlackElo "1992"]

1. e4 c6 2. d4 d5 3. e5 Bf5 4. h4 h6 5. g4 Bc8 6. Bd3 c5 7. dxc5 Nc6 8. Qe2
Qa5+ 9. c3 Qxc5 10. Be3 Qa5 11. b4 Qc7 12. f4 a6 13. a3 h5 14. g5 g6 15.
Qf2 Bg4 16. Nd2 e6 17. Bb6 Qb8 18. Ngf3 Nge7 19. Nb3 Bg7 20. O-O Nc8 21.
Be3 O-O 22. Nh2 Bh3 23. Rfd1 N8e7 24. Nf3 Bg4 25. Rd2 Re8 26. Bb6 Nc8 27.
Bc5 Bxf3 28. Qxf3 b5 29. a4 N8a7 30. Rda2 Qb7 31. Qe2 Rac8 32. Kh2 Nb8 33.
Qf1 bxa4 34. Rxa4 Nb5 35. Bxb5 axb5 36. Ra7 1-0

[Event "Najdorf Memorial"]
[Site "Warsaw POL"]
[Date "2024.07.13"]
[Round "5.46"]
[White "Bar, Klaudia"]
[Black "Dalkowski, Rafal"]
[Result "0-1"]
[WhiteElo "1982"]
[BlackElo "2101"]

1. e4 c6 2. d4 d5 3. e5 Bf5 4. Nc3 e6 5. g4 Bg6 6. Nge2 h5 7. Nf4 Bh7 8.
Nxh5 c5 9. Be3 Nc6 10. Bb5 Qc7 11. f4 O-O-O 12. Bxc6 Qxc6 13. Qe2 Qb6 14.
O-O-O c4 15. Rdf1 Ne7 16. Qd2 Qa6 17. a4 Nc6 18. f5 b5 19. Kd1 bxa4 20. Ke2
Bb4 21. Nxg7 Rdg8 22. f6 Be4 23. Rhg1 Rxh2+ 24. Rf2 Rh3 25. g5 Bg6 26. Rf3
Rxf3 27. Kxf3 Qa5 28. Ra1 a3 29. Ra2 axb2 30. Rxa5 Bxa5 31. Qd1 Bxc3 32.
Kf4 Nb4 33. Nxe6 fxe6 34. Qg4 Kd7 35. f7 Rf8 0-1

[Event "Najdorf Memorial"]
[Site "Warsaw POL"]
[Date "2024.07.13"]
[Round "5.47"]
[White "Wadelek, Karol"]
[Black "Swara, Lakshmi S Nair"]
[Result "0-1"]
[WhiteElo "1974"]
[BlackElo "2049"]

1. d4 Nf6 2. Nc3 d5 3. Bf4 g6 4. Nb5 Na6 5. e3 Bg7 6. Nf3 O-O 7. c4 Bf5 8.
Rc1 c6 9. Nc3 Qa5 10. Qd2 dxc4 11. Bxc4 b5 12. Bb3 Rad8 13. Ne5 Qb6 14. Qe2
Nd7 15. Nxd7 Bxd7 16. O-O Nb8 17. Qf3 a5 18. Qg3 Rc8 19. a3 Na6 20. h4 Nc7
21. Bxc7 Rxc7 22. Nd5 cxd5 23. Rxc7 Be6 24. Rfc1 b4 25. a4 Qa6 26. Qf3 Rd8
27. Rxe7 Bf8 28. Rec7 Bd6 29. R7c6 Qb7 30. h5 Qe7 31. g3 Qg5 32. hxg6 hxg6
33. Rxd6 Rxd6 34. Qf4 Qd8 35. Rc5 Kg7 36. g4 f6 37. Rxa5 Bxg4 38. Ra7+ Rd7
39. Ra6 Bf5 40. Rc6 Re7 41. Qd6 Rd7 42. Qf4 Re7 43. Qd6 Rd7 44. Qxb4 Qh8
45. Kf1 Qh1+ 46. Ke2 Bg4+ 47. Kd2 Qf1 48. Bc2 Qxf2+ 49. Kc3 Qxe3+ 50. Bd3
Bf5 51. Qb5 Kh6 52. Kc2 Rb7 53. Bxf5 Rxb5 54. axb5 gxf5 55. b6 Qxd4 56.
Rxf6+ Qxf6 0-1

[Event "Najdorf Memorial"]
[Site "Warsaw POL"]
[Date "2024.07.13"]
[Round "5.48"]
[White "Dobosiewicz, Dawid"]
[Black "Delega, Tomasz"]
[Result "1-0"]
[WhiteElo "2028"]
[BlackElo "1973"]

1. Nf3 e6 2. c4 d5 3. b3 Nf6 4. Bb2 Be7 5. e3 O-O 6. d4 c6 7. Bd3 b6 8.
Nbd2 Bb7 9. O-O Nbd7 10. cxd5 cxd5 11. Ne5 Nxe5 12. dxe5 Nd7 13. f4 Nc5 14.
Bc2 Ba6 15. Rf3 Bd3 16. b4 Bxc2 17. Qxc2 Nd7 18. Rh3 g6 19. e4 Bxb4 20.
exd5 Rc8 21. Qd1 Qc7 22. Ne4 Rfd8 23. Rc1 Bc5+ 24. Kh1 exd5 25. Ng5 Nf8 26.
f5 d4 27. Qb3 Qe7 28. fxg6 Nxg6 29. Rxh7 Rf8 30. Rf1 Nxe5 31. Qh3 Ng6 32.
Rh8+ 1-0

[Event "Najdorf Memorial"]
[Site "Warsaw POL"]
[Date "2024.07.13"]
[Round "5.49"]
[White "Krasiewicz, Robert"]
[Black "Harazinska, Magdalena"]
[Result "1-0"]
[WhiteElo "2004"]
[BlackElo "1969"]

1. c4 c5 2. Nf3 Nc6 3. g3 g6 4. Bg2 Bg7 5. Nc3 e6 6. O-O Nge7 7. d3 O-O 8.
Bd2 b6 9. a3 Bb7 10. Rb1 d5 11. cxd5 exd5 12. b4 cxb4 13. axb4 d4 14. Ne4
Nd5 15. Qb3 h6 16. Bxh6 Ndxb4 17. Bg5 Qd7 18. Nfd2 a5 19. Nc4 Ra6 20. Ncd6
Ba8 21. f4 Qe6 22. Qxe6 fxe6 23. Bh3 e5 24. Be6+ Kh7 25. f5 Nd8 26. fxg6+
Kxg6 27. Bf5+ Rxf5 28. Nxf5 Bxe4 29. dxe4 Kxg5 30. Nxg7 Kg6 31. Ne8 b5 32.
Nc7 Rb6 33. Rf8 Ndc6 34. Rbf1 Ne7 35. R1f7 a4 36. Rxe7 a3 37. Ra8 a2 38.
Re6+ 1-0

[Event "Najdorf Memorial"]
[Site "Warsaw POL"]
[Date "2024.07.13"]
[Round "5.50"]
[White "Matskevich, Varvara"]
[Black "Choroszej, Aleksander"]
[Result "0-1"]
[WhiteElo "1946"]
[BlackElo "1997"]

1. f4 d5 2. Nf3 g6 3. d3 Bg7 4. g3 c5 5. Bg2 Nh6 6. O-O d4 7. c3 Nc6 8. Qb3
O-O 9. Nbd2 Rb8 10. Ne4 b6 11. Bd2 Nf5 12. Rac1 Be6 13. Qa4 dxc3 14. bxc3
b5 15. Qc2 c4 16. Neg5 cxd3 17. exd3 Bd5 18. g4 Qb6+ 19. d4 Nd6 20. Ne5
Bxg2 21. Kxg2 Qb7 22. Ngf3 Rbc8 23. Qd3 Na5 24. Qe2 Nac4 25. Kg1 e6 26. Be1
Qe4 27. Qxe4 Nxe4 28. Bh4 Nxe5 29. dxe5 Nxc3 30. Nd4 Rc4 31. Kg2 Rfc8 32.
Bf2 g5 33. Nf3 gxf4 34. Bxa7 Ra8 35. Bd4 Rxa2+ 36. Kh3 Nd5 37. Rxc4 bxc4
38. Rc1 Ra3 39. Kg2 c3 40. Ne1 Ra2+ 41. Rc2 Ra1 42. Nf3 Ra3 43. Ne1 Ra4 44.
Bxc3 Ne3+ 0-1

[Event "Najdorf Memorial"]
[Site "Warsaw POL"]
[Date "2024.07.13"]
[Round "5.51"]
[White "Polak, Michal"]
[Black "Wieckowski, Michal"]
[Result "1/2-1/2"]
[WhiteElo "1997"]
[BlackElo "1964"]

1. e4 c5 2. Nf3 d6 3. d4 cxd4 4. Nxd4 Nf6 5. Nc3 a6 6. Be3 e5 7. Nf3 Be7 8.
Bc4 O-O 9. Qd3 Nbd7 10. O-O-O Qc7 11. Nd5 Nxd5 12. Bxd5 Nf6 13. Bb3 b5 14.
Bg5 Bb7 15. Bxf6 Bxf6 16. Bd5 Rac8 17. Rd2 Rfd8 18. Rhd1 Bxd5 19. Qxd5 Qb6
20. g3 a5 21. h4 b4 22. Nh2 a4 23. Kb1 Rc5 24. Qd3 Rc3 25. Qd5 Rc5 26. Qd3
Rc3 27. Qe2 a3 28. b3 Qc7 29. f3 Rc8 30. Ng4 Qc5 31. Rd5 Qc7 32. R5d2 Qc5
33. Qf2 h5 34. Qxc5 dxc5 35. Nxf6+ gxf6 36. Rd8+ Rxd8 37. Rxd8+ Kg7 38. Rd3
Rxd3 39. cxd3 Kg6 40. Kc2 Kh6 41. Kd2 Kg6 42. Ke3 Kh6 43. Kf2 Kg6 44. Kg2
Kh6 45. Kh3 Kg6 46. g4 Kh6 47. gxh5 Kxh5 48. Kg3 f5 49. exf5 f6 50. Kh3 Kh6
51. Kg4 Kg7 52. Kg3 Kh6 53. Kf2 Kh5 54. Kg3 Kh6 55. Kg4 Kg7 56. Kh5 Kh7 57.
Kg4 Kh6 58. Kg3 Kh5 59. Kh3 Kh6 60. Kg4 1/2-1/2

[Event "Najdorf Memorial"]
[Site "Warsaw POL"]
[Date "2024.07.13"]
[Round "5.52"]
[White "Sypien, Natan"]
[Black "Bednarska-bzdega, Malgorzata"]
[Result "1/2-1/2"]
[WhiteElo "1985"]
[BlackElo "1956"]

1. e4 c5 2. Nf3 g6 3. c3 d5 4. exd5 Qxd5 5. d4 Bg7 6. Na3 cxd4 7. Nb5 Na6
8. Nbxd4 Nf6 9. Bb5+ Bd7 10. Bxa6 bxa6 11. O-O O-O 12. Re1 Ne4 13. Qb3 Qxb3
14. axb3 f5 15. Rxa6 e5 16. Ne6 Bxe6 17. Rxe6 Nc5 18. Rc6 Nxb3 19. Be3 a5
20. Nd2 Nxd2 21. Bxd2 Rfd8 22. Bc1 a4 23. Kf1 e4 24. f3 exf3 25. gxf3 Rdc8
26. Ree6 1/2-1/2

[Event "Najdorf Memorial"]
[Site "Warsaw POL"]
[Date "2024.07.14"]
[Round "6.1"]
[White "Markowski, Tomasz"]
[Black "Sengupta, Deep"]
[Result "1/2-1/2"]
[WhiteElo "2503"]
[BlackElo "2491"]

1. c4 Nf6 2. g3 g6 3. Bg2 Bg7 4. Nc3 O-O 5. d4 d6 6. Nf3 c5 7. d5 e6 8. O-O
Re8 9. Bf4 exd5 10. cxd5 Ne4 11. Nxe4 Rxe4 12. Nd2 Rxf4 13. gxf4 Bxb2 14.
Rb1 Bg7 15. Nc4 b6 16. Qb3 Qf6 17. e3 Na6 18. Qa4 Bf8 19. Rfd1 Nc7 20. Nd2
Qe7 21. Qb3 Bd7 22. Nc4 Qh4 23. a4 Ne8 24. Nd2 Ng7 25. Qc4 Qd8 26. Re1 Nf5
27. Nf3 Bh6 28. Qa6 Bc8 29. Qc4 Bd7 30. Qa6 Bc8 31. Qc4 1/2-1/2

[Event "Najdorf Memorial"]
[Site "Warsaw POL"]
[Date "2024.07.14"]
[Round "6.2"]
[White "Kazakouski, Valery"]
[Black "Cukrowski, Filip"]
[Result "1-0"]
[WhiteElo "2603"]
[BlackElo "2403"]

1. e4 c5 2. Nf3 e6 3. d4 cxd4 4. Nxd4 Nc6 5. Nc3 a6 6. Nxc6 bxc6 7. Bd3 d5
8. O-O Nf6 9. Qf3 Qc7 10. Re1 Be7 11. e5 Nd7 12. Qg3 Kf8 13. Bd2 Rb8 14. b3
h5 15. f4 h4 16. Qh3 Kg8 17. Na4 g6 18. Bxg6 fxg6 19. Qxe6+ Kf8 20. Qxg6
Rg8 21. Qh5 Qd8 22. e6 Qe8 23. Qh6+ Rg7 24. Bc3 1-0

[Event "Najdorf Memorial"]
[Site "Warsaw POL"]
[Date "2024.07.14"]
[Round "6.3"]
[White "Rozentalis, Eduardas"]
[Black "Dzida, Kamil"]
[Result "1-0"]
[WhiteElo "2480"]
[BlackElo "2385"]

1. e4 c5 2. Nf3 Nc6 3. Bb5 g6 4. O-O Bg7 5. Bxc6 dxc6 6. d3 Nf6 7. a4 a5 8.
Nc3 Bg4 9. h3 Bxf3 10. Qxf3 Nd7 11. Qd1 e5 12. Be3 Qe7 13. Qd2 Nf8 14. f4
exf4 15. Bxf4 Ne6 16. Bh2 c4 17. e5 cxd3 18. Ne4 O-O 19. Qxd3 Rad8 20. Qc3
Rd5 21. Rae1 Rfd8 22. Kh1 Kh8 23. Bg3 h6 24. Kh2 Qc7 25. Qe3 Nd4 26. Nf6
Nxc2 27. Nxd5 Rxd5 28. Qe4 Nxe1 29. e6 Re5 30. Bxe5 Qxe5+ 31. Qxe5 Bxe5+
32. g3 fxe6 33. Rxe1 Bxb2 34. Rb1 Bc3 35. Rxb7 c5 36. Rb6 Kg7 37. Rxe6 Bb4
38. Rc6 h5 39. Kg2 Kh6 40. Kf3 Kg5 41. Ke4 Ba3 42. Rd6 Bb4 43. Rd5+ Kf6 44.
Kd3 Ke6 45. Kc4 Ba3 46. Rxc5 1-0

[Event "Najdorf Memorial"]
[Site "Warsaw POL"]
[Date "2024.07.14"]
[Round "6.4"]
[White "Jarmula, Lukasz"]
[Black "Mis, Mieszko"]
[Result "1/2-1/2"]
[WhiteElo "2432"]
[BlackElo "2351"]

1. Nf3 d5 2. g3 Nf6 3. Bg2 c5 4. O-O Nc6 5. d4 e6 6. c4 dxc4 7. dxc5 Qxd1
8. Rxd1 Bxc5 9. Nfd2 Na5 10. Na3 Bxa3 11. bxa3 Nd5 12. Ne4 O-O 13. Bb2 Bd7
14. Nc3 Nb6 15. Bc1 Bc6 16. Be3 Rfd8 17. Rab1 Rxd1+ 18. Rxd1 Na4 19. Nxa4
Bxa4 20. Rc1 Bc6 21. Bxc6 Nxc6 22. Rxc4 Rd8 23. Rc1 f6 1/2-1/2

[Event "Najdorf Memorial"]
[Site "Warsaw POL"]
[Date "2024.07.14"]
[Round "6.5"]
[White "Sriram, Jha"]
[Black "Zawadzka, Jolanta"]
[Result "1/2-1/2"]
[WhiteElo "2304"]
[BlackElo "2349"]

1. d4 d5 2. c4 e6 3. Nc3 a6 4. cxd5 exd5 5. Bf4 Nf6 6. e3 c5 7. dxc5 Bxc5
8. Nf3 Nc6 9. Be2 O-O 10. O-O Be6 11. Rc1 Ba7 12. Ne5 Rc8 13. Nxc6 Rxc6 14.
Be5 Qe7 15. Bd4 Bb8 16. Bf3 Rfc8 17. Qd3 Ng4 18. Bxg4 Bxg4 19. f4 Qh4 20.
g3 Qh5 21. Qd2 Qf5 22. Qc2 Qd7 23. Qd2 Bh3 24. Rfe1 h5 25. Ne2 h4 26. Rxc6
Rxc6 27. Rc1 Rg6 28. Kf2 Qe6 29. Qa5 Qe4 30. Qd8+ Kh7 31. Rg1 Bd6 32. a3
Be7 33. Qa5 hxg3+ 34. hxg3 Bg4 35. Qd2 Rh6 36. Rg2 Rh1 37. Ng1 Qb1 38. Bc3
Bc5 39. Qxd5 Rh5 40. Qd2 Qe4 41. Bd4 Rd5 42. Ne2 Kg8 43. Kg1 Rd6 44. Rh2 b5
45. Rg2 a5 46. Nc3 Qc6 47. Qd3 Bxd4 48. exd4 b4 49. axb4 axb4 50. Ne2 g6
51. Rh2 Qd5 52. Rf2 Kg7 53. Rh2 Rd8 54. Qd2 Ra8 55. Qe3 Ra1+ 56. Kf2 Rb1
57. Rh4 Bxe2 58. Qxe2 Qxd4+ 59. Kf3 Rxb2 60. Qe5+ Qxe5 61. fxe5 Rb3+ 62.
Kf2 Kf8 63. Rh8+ Ke7 64. Rb8 Ke6 65. Rb5 Kf5 66. Rb7 Kxe5 67. Rxf7 Rc3 68.
Rg7 Kf5 69. Rf7+ Kg5 70. Rb7 b3 71. Rb5+ Kg4 72. Rb4+ Kf5 73. Kg2 Rc2+ 74.
Kf3 b2 75. Rb5+ Ke6 76. Ke4 Kd6 77. Kd4 Kc6 78. Rb8 Rg2 79. Rb3 Kd6 80.
Rb6+ Ke7 81. Ke5 Re2+ 82. Kd4 Kf7 83. Kd3 Rg2 84. Ke4 Kg7 85. Kf4 Kh6 86.
Rb7 Rc2 87. Kg4 Rh2 88. Kf4 Rf2+ 89. Kg4 Rc2 90. Kf4 g5+ 91. Kg4 Rc4+ 92.
Kh3 Rc2 93. Kg4 Rg2 94. Kf3 Rc2 95. Rb6+ Kg7 96. Kg4 Rg2 97. Kf3 Rc2 98.
Kg4 Rg2 1/2-1/2

[Event "Najdorf Memorial"]
[Site "Warsaw POL"]
[Date "2024.07.14"]
[Round "6.6"]
[White "Krasenkow, Michal"]
[Black "Dahale, Atul"]
[Result "1-0"]
[WhiteElo "2520"]
[BlackElo "2169"]

1. d4 Nf6 2. c4 g6 3. Nc3 Bg7 4. e4 d6 5. Nf3 O-O 6. Be2 Nbd7 7. O-O e5 8.
Qc2 exd4 9. Nxd4 Re8 10. Rd1 Nc5 11. f3 a5 12. Ndb5 Qe7 13. Bg5 Be6 14. f4
Na6 15. f5 Bd7 16. Nd5 Qe5 17. Bf4 Nb4 18. Bxe5 Nxc2 19. Nxf6+ Bxf6 20.
Bxf6 Bxb5 21. Rac1 Ne3 22. cxb5 Nxd1 23. Bxd1 gxf5 24. Rxc7 Rac8 25. b6
fxe4 26. Bh5 1-0

[Event "Najdorf Memorial"]
[Site "Warsaw POL"]
[Date "2024.07.14"]
[Round "6.7"]
[White "Wiech, Grzegorz"]
[Black "Fiszer, Bartosz"]
[Result "1-0"]
[WhiteElo "2106"]
[BlackElo "2335"]

1. e4 e6 2. d4 d5 3. Nc3 Nf6 4. Bg5 h6 5. Bxf6 Qxf6 6. exd5 Bb4 7. Bb5+ Bd7
8. Bxd7+ Nxd7 9. dxe6 Qxe6+ 10. Qe2 Bxc3+ 11. bxc3 Qxe2+ 12. Nxe2 O-O-O 13.
O-O-O Rhe8 14. Rhe1 Re6 15. Nf4 Ra6 16. Re7 Rxa2 17. Rxf7 Ne5 18. Kb1 Ra6
19. Rxg7 Nc4 20. Nd3 Rb6+ 21. Ka2 Ra6+ 22. Kb3 Na5+ 23. Kb4 Nc6+ 24. Kb3
Na5+ 25. Kb4 Nc6+ 26. Kc4 Rb6 27. Ra1 Re8 28. f4 Re2 29. Ne5 Nxe5+ 30. fxe5
Rxc2 31. Rxa7 Kb8 32. Ra1 Ra6 33. Rg8+ Ka7 34. Rxa6+ Kxa6 35. Kd3 Rc1 36.
Kd2 Rf1 37. e6 Rf2+ 38. Kd3 1-0

[Event "Najdorf Memorial"]
[Site "Warsaw POL"]
[Date "2024.07.14"]
[Round "6.8"]
[White "Patil, Harshal"]
[Black "Kokoszczynski, Jan"]
[Result "1/2-1/2"]
[WhiteElo "2083"]
[BlackElo "2314"]

1. Nf3 Nf6 2. g3 g6 3. Bg2 Bg7 4. O-O O-O 5. c4 d6 6. d4 Nc6 7. Nc3 Bf5 8.
d5 Na5 9. Nd4 Bd7 10. b3 c5 11. dxc6 bxc6 12. Bg5 Qc7 13. Qd2 Rfe8 14. Rac1
Rab8 15. Rfd1 Rec8 16. e4 Qd8 17. Nde2 Be8 18. c5 Nb7 19. Na4 d5 20. Bf4
Ra8 21. Qb4 Qd7 22. Be5 e6 23. Nd4 Qe7 24. Qe1 Bh6 25. Rc3 Ng4 26. exd5
cxd5 27. c6 Nd8 28. Bf4 Bxf4 29. gxf4 Bxc6 30. Rdc1 Qd7 31. Nc5 Qd6 32. h3
Nf6 33. Qe5 Qxe5 34. fxe5 Nd7 35. Nd3 Bb7 36. Rc7 Rxc7 37. Rxc7 Nb6 38. Nc5
Rc8 39. Nxb7 Rxc7 40. Nxd8 Rc1+ 41. Bf1 Nd7 42. f4 g5 43. fxg5 Nxe5 44. a4
Kf8 45. Nb7 Rd1 46. Nb5 d4 47. Kf2 Rd2+ 48. Kg3 a6 49. Nc7 d3 50. Nxa6 Rd1
51. Kf2 d2 52. Be2 Rb1 53. Nac5 d1=Q 54. Bxd1 Rxd1 55. a5 Ra1 56. a6 Nc6
57. Ke3 Nb4 58. Kd4 Nxa6 59. Nxa6 Rxa6 60. Kc5 Ke7 61. b4 Ra3 62. b5 Rxh3
63. Na5 Rg3 64. Nc6+ Ke8 65. b6 Rxg5+ 66. Kc4 Rg4+ 67. Kc5 Rg5+ 68. Kc4 Rg8
69. b7 Kd7 70. b8=Q Rxb8 71. Nxb8+ Kd6 72. Kd4 f5 73. Na6 h5 74. Nb4 e5+
75. Ke3 h4 76. Nd3 Kd5 77. Nf2 Kc4 78. Nd3 Kd5 79. Nf2 Ke6 80. Kf3 Kf6 81.
Nh3 Kg6 82. Nf2 Kh5 83. Nh3 Kg6 84. Nf2 Kf6 85. Nh3 Ke6 86. Nf2 Kd5 87. Ke3
1/2-1/2

[Event "Najdorf Memorial"]
[Site "Warsaw POL"]
[Date "2024.07.14"]
[Round "6.9"]
[White "Deszczynski, Adam"]
[Black "Terkiewicz, Bruno"]
[Result "1/2-1/2"]
[WhiteElo "2305"]
[BlackElo "2170"]

1. e4 c6 2. Nf3 d5 3. d3 g6 4. Nbd2 Bg7 5. g3 e5 6. Bg2 Ne7 7. O-O O-O 8.
b4 a5 9. bxa5 Qxa5 10. a4 Qc7 11. Bb2 Nd7 12. Re1 d4 13. c3 dxc3 14. Bxc3
Rd8 15. Nc4 b6 16. Bb4 c5 17. Bc3 Ba6 18. Qb3 Nc6 19. Nfd2 Rab8 20. Reb1
Bh6 21. Bf1 Bxd2 22. Nxd2 Nf8 23. Nc4 Bxc4 24. Qxc4 Ne6 25. Rb2 Ned4 26.
Rab1 Qa7 27. h4 h6 28. Kh1 Kg7 29. Be2 Qd7 30. Bd1 Nb4 31. Bxb4 cxb4 32.
Qxb4 Qh3+ 33. Kg1 g5 34. Qe1 gxh4 35. Qe3 Qe6 36. Kh2 hxg3+ 37. Qxg3+ Kh7
38. Bg4 Qf6 39. Qh3 Qf4+ 40. Qg3 Qf6 41. Qh3 Rg8 42. Rg1 Kh8 43. Rg3 Rg5
44. Bd1 Rbg8 45. Bh5 Ne6 46. Bxf7 Nf4 47. Qh4 Rh5 48. Rxg8+ Kh7 49. Qxh5
Nxh5 50. Bxh5 Kxg8 51. Bg4 Qd6 52. Rb3 Qd4 53. Be6+ Kg7 54. Kg2 h5 55. Bf5
Kf6 56. Rb5 Qd8 57. Rd5 Qc7 58. Bd7 Qa7 59. Kf3 Qb8 60. Bf5 Qc7 61. Bd7 Qd8
62. Bf5 Qf8 63. Rb5 Qd6 64. Rd5 Qa3 65. Bd7 Qb3 66. Kg2 Qb2 67. Rd6+ Ke7
68. Rd5 Kf6 69. Rd6+ Kg5 70. Be8 Qb4 71. Rg6+ Kf4 72. Rf6+ Kg5 73. Rf5+ Kh6
74. Rxh5+ Kg7 75. Rxe5 Qc3 76. Rd5 Qc8 77. Bd7 Qb8 78. Rf5 Qd6 79. Bb5 Qg6+
80. Kf3 Qg1 81. Ke2 Kg6 82. Be8+ Kg7 83. Bc6 Qc1 84. Bb5 Kg6 85. Rd5 Qc7
86. Be8+ Kf6 87. Rf5+ Ke6 88. Bf7+ Ke7 89. Bc4 Qc8 90. Rf7+ Kd6 91. Rf5 Ke7
92. Ke3 Qh8 93. f4 Qa1 94. Re5+ Kd6 95. Rd5+ Kc7 96. Bb5 Qg1+ 97. Kf3 Qd1+
98. Kg3 Qg1+ 99. Kh3 Qf1+ 100. Kg4 Qg2+ 101. Kf5 Qh3+ 102. Ke5 Qh8+ 103.
Kf5 Qh5+ 104. Kf6 Qh6+ 1/2-1/2

[Event "Najdorf Memorial"]
[Site "Warsaw POL"]
[Date "2024.07.14"]
[Round "6.10"]
[White "Sanz Losada, Victoriano"]
[Black "Mulawa, Cyprian"]
[Result "0-1"]
[WhiteElo "2002"]
[BlackElo "2302"]

1. d4 d6 2. e4 Nf6 3. Nc3 Nbd7 4. f3 e5 5. Nge2 c6 6. Be3 Qc7 7. g4 h6 8.
Qd2 b5 9. a3 Bb7 10. Ng3 a5 11. Nf5 b4 12. Na4 d5 13. Bg2 g6 14. dxe5 Nxe5
15. Bb6 Qb8 16. Ne3 dxe4 17. fxe4 Be7 18. h3 Nfd7 19. c4 Nxb6 20. Nxb6 Ra6
21. Na4 Bg5 22. Qd4 O-O 23. Nc5 Rd8 24. Nd5 cxd5 25. Nxa6 dxc4 26. Nxb8
Rxd4 27. axb4 Bd2+ 28. Ke2 Bxb4 29. Rhd1 Nd3 30. Ke3 Rd8 31. b3 Rxb8 32.
bxc4 Nb2 33. Rdc1 Bc5+ 34. Kf3 a4 35. Ra2 a3 36. Rc3 Bc6 37. Bf1 f5 38.
gxf5 gxf5 39. Kf4 fxe4 40. Bg2 Rf8+ 41. Ke5 Rf2 42. Bxe4 Re2 43. Rg3+ Kh8
44. Rg4 Nxc4+ 45. Kf5 Bxe4+ 0-1

[Event "Najdorf Memorial"]
[Site "Warsaw POL"]
[Date "2024.07.14"]
[Round "6.11"]
[White "Pujari, Rucha"]
[Black "Nesterenko, Kyrylo"]
[Result "1-0"]
[WhiteElo "2173"]
[BlackElo "2103"]

1. d4 Nf6 2. c4 c5 3. d5 e6 4. Nc3 exd5 5. cxd5 d6 6. Nf3 g6 7. g3 Bg7 8.
Bg2 O-O 9. O-O Re8 10. Bf4 h6 11. h4 Nh5 12. Bd2 Nd7 13. Qc1 Kh7 14. g4
Nhf6 15. g5 hxg5 16. Bxg5 a6 17. a4 Rb8 18. Qf4 Qc7 19. Rac1 Kg8 20. b4 Nh5
21. Qd2 b6 22. a5 b5 23. Rfd1 Bb7 24. Be3 Qd8 25. Bg5 f6 26. Be3 cxb4 27.
Na2 b3 28. Nb4 Qxa5 29. Nd4 Ne5 30. Ndc6 Bxc6 31. dxc6 Nc4 32. Qd5+ Kh7 33.
Rxc4 Re5 34. Qxd6 b2 35. Rcd4 Rc8 36. Nc2 Qa2 37. Na3 Re6 38. Qd5 Qxd5 39.
Bxd5 Rd6 40. Bf3 Rxd4 41. Bxd4 Nf4 42. Bxb2 Nxe2+ 43. Kf1 Nf4 44. Rd7 Kg8
45. c7 Ne6 46. Bd5 1-0